[Event "DVM U20 2007"]
[Site "Kelheim GER"]
[Date "2007.12.28"]
[Round "4"]
[White "Schroelkamp, Carsten"]
[Black "Müller, Johannes"]
[Result "1-0"]
[Termination "normal"]
[Board "3.6"]
[WhiteElo "1728"]
[BlackElo "1605"]
[WhiteTeam "SF Brackel"]
[BlackTeam "SK Kelheim"]
[PlyCount "35"]
[WhiteFideId "24659401"]
[BlackFideId "24659479"]
[EventCountry "GER"]
[EventRounds "7"]
[EventType "team-swiss"]
[EventDate "2007.12.26"]

1. Nf3 d5 2. g3 Nc6 3. Bg2 e5 4. d3 Nf6 5. O-O Be6 6. Nbd2 Bd6 7. e4 d4 8. Nh4
Qd7 9. f4 Bg4 10. Qe1 Bh3 11. Nc4 Bxg2 12. Kxg2 O-O-O 13. fxe5 Nxe5 14. Nxe5
Bxe5 15. Qa5 Rhe8 16. Rf5 Qe6 17. Nf3 Nd7 18. Ng5 1-0

[Event "DVM U20 2007"]
[Site "Kelheim GER"]
[Date "2007.12.28"]
[Round "4"]
[White "Ohme, Melanie"]
[Black "Schneider, David"]
[Result "1-0"]
[Termination "normal"]
[Board "4.1"]
[WhiteTitle "WFM"]
[WhiteElo "2274"]
[BlackElo "2255"]
[WhiteTeam "SC Leipzig-Gohlis"]
[BlackTeam "FSV Großenseebach"]
[PlyCount "83"]
[WhiteFideId "4690745"]
[BlackFideId "4697111"]
[EventCountry "GER"]
[EventRounds "7"]
[EventType "team-swiss"]
[EventDate "2007.12.26"]

1. e4 e5 2. Bc4 Nf6 3. d3 c6 4. Nf3 d5 5. Bb3 Bd6 6. Nc3 Bc7 7. O-O Bg4 8. h3
Be6 9. exd5 cxd5 10. Bg5 Nc6 11. Re1 a6 12. Qd2 Qd7 13. Bh4 Nh5 14. Qg5 g6 15.
Qh6 f6 16. d4 O-O-O 17. dxe5 Nxe5 18. Nxe5 Bxe5 19. Rxe5 fxe5 20. Bxd8 Rxd8 21.
Na4 Qc7 22. Qe3 Kb8 23. Re1 e4 24. Rd1 Qe5 25. Nc5 Nf6 26. Rd4 Bc8 27. c3 Rd6
28. f3 Qg3 29. Qf2 Qxf2+ 30. Kxf2 exf3 31. Kxf3 b6 32. Nd3 Bf5 33. Nb4 Be4+ 34.
Kf4 Re6 35. g4 h6 36. h4 g5+ 37. hxg5 hxg5+ 38. Kxg5 Nh7+ 39. Kf4 Rf6+ 40. Ke5
Rf8 41. Bxd5 Bxd5 42. Rxd5 1-0

[Event "DVM U20 2007"]
[Site "Kelheim GER"]
[Date "2007.12.28"]
[Round "4"]
[White "Kirch, Daniel"]
[Black "Hentze, Markus"]
[Result "0-1"]
[Termination "normal"]
[Board "4.2"]
[WhiteElo "2030"]
[BlackElo "1932"]
[WhiteTeam "FSV Großenseebach"]
[BlackTeam "SC Leipzig-Gohlis"]
[PlyCount "92"]
[WhiteFideId "24605786"]
[BlackFideId "4670922"]
[EventCountry "GER"]
[EventRounds "7"]
[EventType "team-swiss"]
[EventDate "2007.12.26"]

1. d4 Nf6 2. c4 g6 3. Nc3 Bg7 4. e4 d6 5. Nf3 O-O 6. Be2 e5 7. Be3 a5 8. d5 Na6
9. Nd2 Ne8 10. a3 Bd7 11. h4 f5 12. Bg5 Bf6 13. Bh6 Bg7 14. Bxg7 Kxg7 15. h5 g5
16. exf5 Bxf5 17. g4 Bd7 18. Nde4 h6 19. Qc2 Kh8 20. Rh3 Qe7 21. f3 b6 22. Nd1
Nc5 23. Nxc5 bxc5 24. Bd3 Nf6 25. Be4 Nxe4 26. Qxe4 Rf4 27. Qd3 e4 28. Qc3+ Qg7
29. Qxg7+ Kxg7 30. Nf2 exf3 31. Rc1 Re8+ 32. Kf1 Bxg4 33. Nxg4 Rxg4 34. Rxf3
Rf8 35. Rxf8 Kxf8 36. Rc3 Ke7 37. b3 Rh4 38. Re3+ Kd7 39. Rf3 Kc8 40. Rf8+ Kb7
41. Kg2 Rxh5 42. Rh8 Rh4 43. a4 g4 44. Kg3 Rh3+ 45. Kxg4 Rxb3 46. Rxh6 Rc3 0-1

[Event "DVM U20 2007"]
[Site "Kelheim GER"]
[Date "2007.12.28"]
[Round "4"]
[White "Dück, Stefan"]
[Black "Süß, Stefan"]
[Result "1/2-1/2"]
[Termination "normal"]
[Board "4.3"]
[WhiteElo "2029"]
[BlackElo "2004"]
[WhiteTeam "SC Leipzig-Gohlis"]
[BlackTeam "FSV Großenseebach"]
[PlyCount "57"]
[WhiteFideId "4681355"]
[BlackFideId "24606090"]
[EventCountry "GER"]
[EventRounds "7"]
[EventType "team-swiss"]
[EventDate "2007.12.26"]

1. Nf3 Nf6 2. g3 g6 3. Bg2 d5 4. d3 Bg7 5. O-O O-O 6. Nbd2 c5 7. c4 Nc6 8. a3
e5 9. cxd5 Nxd5 10. Ne4 b6 11. Bg5 f6 12. Bd2 Be6 13. Rc1 Rc8 14. Nc3 Qd7 15.
Nxd5 Bxd5 16. b4 Nd4 17. Nxd4 Bxg2 18. Kxg2 cxd4 19. Qb3+ Qf7 20. Qxf7+ Kxf7
21. Rc4 b5 22. Rxc8 Rxc8 23. Rc1 Rxc1 24. Bxc1 Ke6 25. f4 Kd5 26. fxe5 fxe5 27.
Kf3 Bf8 28. Kg4 h6 29. Kf3 1/2-1/2

[Event "DVM U20 2007"]
[Site "Kelheim GER"]
[Date "2007.12.28"]
[Round "4"]
[White "Borel, Markus"]
[Black "Hänse, Felix"]
[Result "0-1"]
[Termination "normal"]
[Board "4.4"]
[WhiteElo "1967"]
[BlackElo "1727"]
[WhiteTeam "FSV Großenseebach"]
[BlackTeam "SC Leipzig-Gohlis"]
[PlyCount "112"]
[WhiteFideId "24605522"]
[EventCountry "GER"]
[EventRounds "7"]
[EventType "team-swiss"]
[EventDate "2007.12.26"]

1. b3 Nf6 2. Bb2 d6 3. e3 Nc6 4. Nf3 g6 5. d4 Nd7 6. c4 Bg7 7. Be2 O-O 8. Nc3
e5 9. Qd2 a5 10. a3 f5 11. O-O-O exd4 12. exd4 Nf6 13. Kb1 Re8 14. Bd3 Ne4 15.
Qc2 Kh8 16. Rhe1 Nxc3+ 17. Bxc3 Rxe1 18. Rxe1 Bd7 19. d5 Nb8 20. h4 Na6 21. Qb2
Bxc3 22. Qxc3+ Kg8 23. h5 gxh5 24. Re3 Kf7 25. Nd4 Nc5 26. Bxf5 Bxf5+ 27. Nxf5
Qf6 28. Re7+ Kg6 29. Nh4+ Qxh4 30. Qg7+ Kf5 31. Rf7+ Ke4 32. Qc3 Nd3 33. Rf3
Qh1+ 34. Ka2 Qf1 35. Re3+ Kf5 36. Qxd3+ Qxd3 37. Rxd3 Re8 38. Rf3+ Kg6 39. Kb2
Re5 40. Kc3 Rf5 41. Rxf5 Kxf5 42. Kd4 Kf4 43. b4 axb4 44. axb4 b6 45. Kd3 h4
46. Ke2 h5 47. Kf1 Ke4 48. Kg1 b5 49. f3+ Kf4 50. cxb5 Kg3 51. Kh1 h3 52. gxh3
Kxh3 53. f4 Kg4 54. Kh2 Kxf4 55. Kh3 Ke4 56. b6 cxb6 0-1

[Event "DVM U20 2007"]
[Site "Kelheim GER"]
[Date "2007.12.28"]
[Round "4"]
[White "Sandring, Franz"]
[Black "Hofmann, Benjamin"]
[Result "0-1"]
[Termination "normal"]
[Board "4.5"]
[WhiteElo "1543"]
[BlackElo "2012"]
[WhiteTeam "SC Leipzig-Gohlis"]
[BlackTeam "FSV Großenseebach"]
[PlyCount "134"]
[WhiteFideId "24659525"]
[BlackFideId "24605743"]
[EventCountry "GER"]
[EventRounds "7"]
[EventType "team-swiss"]
[EventDate "2007.12.26"]

1. d4 g6 2. c4 Bg7 3. Nc3 d6 4. e4 e5 5. d5 f5 6. Bd3 Nf6 7. Nge2 f4 8. f3 g5
9. Bd2 Nbd7 10. b4 h5 11. g3 O-O 12. gxf4 gxf4 13. Qc2 h4 14. O-O-O Qe8 15.
Rhg1 Qh5 16. Rdf1 Nh7 17. Rf2 h3 18. Nb5 Ndf6 19. Nxc7 Rb8 20. Bxf4 exf4 21.
Nxf4 Qe5 22. Rxg7+ Kxg7 23. Nfe6+ Bxe6 24. Nxe6+ Kh8 25. Nxf8 Rxf8 26. Qb2 Qf4+
27. Qd2 Ng4 28. Qxf4 Rxf4 29. Re2 Rxf3 30. Kd2 b6 31. c5 bxc5 32. bxc5 Ne5 33.
Re3 Rxe3 34. Kxe3 dxc5 35. Bb5 Kg7 36. d6 Kf6 37. Kf4 Ke6 38. Bf1 Kxd6 39. Bxh3
c4 40. Ke3 c3 41. Bf1 Ng5 42. Be2 Nxe4 43. Bd1 Nf6 44. Kd4 Nd5 45. a3 Nf3+ 46.
Kd3 Ne1+ 47. Ke2 c2 48. Bxc2 Nxc2 49. a4 Ncb4 50. Kd2 Ke5 51. h4 Kf5 52. Kc1
Kg4 53. Kb2 Kxh4 54. Ka3 Kg4 55. Kb3 Kf4 56. a5 a6 57. Kc4 Ke4 58. Kb3 Kd4 59.
Ka4 Kc5 60. Kb3 Kb5 61. Kb2 Kxa5 62. Ka3 Kb5 63. Kb3 Ne3 64. Ka3 Nec2+ 65. Kb3
a5 66. Kc3 a4 67. Kb2 a3+ 0-1

[Event "DVM U20 2007"]
[Site "Kelheim GER"]
[Date "2007.12.28"]
[Round "4"]
[White "Kohlmann, Adrian"]
[Black "Bohne, Alexander"]
[Result "0-1"]
[Termination "normal"]
[Board "4.6"]
[WhiteElo "1938"]
[BlackElo "1394"]
[WhiteTeam "FSV Großenseebach"]
[BlackTeam "SC Leipzig-Gohlis"]
[PlyCount "52"]
[WhiteFideId "24636908"]
[BlackFideId "24659533"]
[EventCountry "GER"]
[EventRounds "7"]
[EventType "team-swiss"]
[EventDate "2007.12.26"]

1. e4 d5 2. exd5 Nf6 3. d4 Nxd5 4. c4 Nb6 5. Be3 Nc6 6. Nf3 Bg4 7. Be2 e6 8.
O-O Be7 9. Nbd2 O-O 10. Qb3 Bf6 11. c5 Nd5 12. Qxb7 Ncb4 13. Qb5 Nc2 14. Ne4
Nxa1 15. Nxf6+ Qxf6 16. Ne5 Nxe3 17. fxe3 Bxe2 18. Qxe2 Qe7 19. Rxa1 f6 20. Nc6
Qd7 21. Qf3 a5 22. b4 axb4 23. Nxb4 Qb5 24. a3 Qc4 25. Qe4 Ra4 26. Qc2 Rxb4 0-1

[Event "DVM U20 2007"]
[Site "Kelheim GER"]
[Date "2007.12.28"]
[Round "4"]
[White "Geske, Julian"]
[Black "Siebarth, Raiko"]
[Result "0-1"]
[Termination "normal"]
[Board "5.1"]
[WhiteElo "2206"]
[BlackElo "2246"]
[WhiteTeam "SV Hofheim"]
[BlackTeam "SG Blau-Weiß Stadtilm"]
[PlyCount "70"]
[WhiteFideId "24605263"]
[BlackFideId "4674766"]
[EventCountry "GER"]
[EventRounds "7"]
[EventType "team-swiss"]
[EventDate "2007.12.26"]

1. e4 c6 2. d4 d5 3. Nc3 dxe4 4. Nxe4 Nd7 5. Bc4 e6 6. Qe2 Ngf6 7. Ng5 Nb6 8.
Bd3 h6 9. N5f3 Nbd5 10. Ne5 Bb4+ 11. Bd2 Nf4 12. Qf3 Qxd4 13. Nc4 Bxd2+ 14.
Kxd2 O-O 15. Rd1 b5 16. Ne3 Nxd3 17. cxd3 Qxb2+ 18. Nc2 Nd5 19. Ne2 Bd7 20. Rb1
Qf6 21. Qxf6 Nxf6 22. Ncd4 e5 23. Nb3 Rfd8 24. Ng3 Be6 25. Rhe1 Rd5 26. Rbc1
Rad8 27. Nc5 Bc8 28. Re2 Nd7 29. Nce4 Nb6 30. Rxc6 Rxd3+ 31. Kc2 Bb7 32. Rc7
R3d7 33. Rc5 f6 34. Rc3 Na4 35. Rce3 Bd5 0-1

[Event "DVM U20 2007"]
[Site "Kelheim GER"]
[Date "2007.12.28"]
[Round "4"]
[White "Schneider, Christian"]
[Black "Dittmann, Moritz"]
[Result "1-0"]
[Termination "normal"]
[Board "5.2"]
[WhiteElo "2064"]
[BlackElo "2084"]
[WhiteTeam "SG Blau-Weiß Stadtilm"]
[BlackTeam "SV Hofheim"]
[PlyCount "87"]
[WhiteFideId "24613886"]
[BlackFideId "24647039"]
[EventCountry "GER"]
[EventRounds "7"]
[EventType "team-swiss"]
[EventDate "2007.12.26"]

1. Nc3 c5 2. e4 d6 3. f4 g6 4. Nf3 Bg7 5. d3 Nc6 6. g3 e6 7. Bg2 Nge7 8. O-O
O-O 9. Be3 Qa5 10. Qd2 b5 11. g4 f5 12. gxf5 exf5 13. e5 d5 14. d4 c4 15. a4 b4
16. Nb5 Ba6 17. Ng5 Bxb5 18. axb5 Qxb5 19. Ne6 Rfc8 20. Nxg7 Kxg7 21. h4 a5 22.
Bf3 a4 23. Qg2 a3 24. Qg5 Ng8 25. Rab1 b3 26. c3 axb2 27. h5 Qa5 28. Kf2 Nce7
29. hxg6 hxg6 30. Rh1 Qxc3 31. Qh4 Ra1 32. Qh7+ Kf8 33. e6 Ke8 34. Qf7+ Kd8 35.
Rh8 Kc7 36. Rxg8 Rxg8 37. Qxe7+ Kb6 38. Qc5+ Ka6 39. Qc6+ Ka7 40. Qc5+ Ka6 41.
Qc6+ Ka7 42. Qc7+ Ka6 43. Bxd5 Ra4 44. Bb7+ 1-0

[Event "DVM U20 2007"]
[Site "Kelheim GER"]
[Date "2007.12.28"]
[Round "4"]
[White "Dapprich, Maximilian"]
[Black "Hoffmann, Lena"]
[Result "1-0"]
[Termination "normal"]
[Board "5.3"]
[WhiteElo "1922"]
[BlackElo "1876"]
[WhiteTeam "SV Hofheim"]
[BlackTeam "SG Blau-Weiß Stadtilm"]
[PlyCount "61"]
[WhiteFideId "24666041"]
[BlackFideId "24626597"]
[EventCountry "GER"]
[EventRounds "7"]
[EventType "team-swiss"]
[EventDate "2007.12.26"]

1. d4 {[%emt 0:00:00]} d5 2. Nf3 Nf6 3. c4 e6 4. Nc3 Be7 5. Bg5 Nbd7 6. e3 O-O
7. Bd3 dxc4 8. Bxc4 c5 9. O-O Nb6 10. Bd3 cxd4 11. Nxd4 Nfd5 12. Bxe7 Qxe7 13.
Nxd5 Nxd5 14. Rc1 Rd8 15. Qf3 a6 16. Bc4 Nb6 17. Bb3 e5 18. Nf5 Qf6 19. Rc7 Rd7
20. Rxd7 Bxd7 21. e4 Bb5 22. Rc1 Bc6 23. Qe3 Nd7 24. Qd2 Rd8 25. Qb4 Re8 26.
Rd1 a5 27. Qxa5 Bxe4 28. Rxd7 Qg5 29. Ng3 Qc1+ 30. Rd1 Qc6 31. Ba4 1-0

[Event "DVM U20 2007"]
[Site "Kelheim GER"]
[Date "2007.12.28"]
[Round "4"]
[White "Berner, Stephan"]
[Black "Hartmann, Nicolas"]
[Result "1/2-1/2"]
[Termination "normal"]
[Board "5.4"]
[WhiteElo "1912"]
[BlackElo "2003"]
[WhiteTeam "SG Blau-Weiß Stadtilm"]
[BlackTeam "SV Hofheim"]
[PlyCount "166"]
[WhiteFideId "24613126"]
[BlackFideId "24626481"]
[EventCountry "GER"]
[EventRounds "7"]
[EventType "team-swiss"]
[EventDate "2007.12.26"]

1. e4 {[%emt 0:00:00]} e5 2. Nf3 Nc6 3. Nc3 Nf6 4. Bc4 Nxe4 5. Nxe4 d5 6. Bxd5
Qxd5 7. d3 Bg4 8. h3 Bh5 9. Nc3 Qd7 10. Be3 Bg6 11. Nh4 O-O-O 12. a3 f5 13.
Nxg6 hxg6 14. f3 Be7 15. Qd2 Nd4 16. O-O-O Qc6 17. Kb1 Bc5 18. Ne2 Qb6 19. Bxd4
exd4 20. Ka1 Be7 21. Nc1 Bh4 22. Rdg1 Qd6 23. f4 Rde8 24. g3 Bf6 25. Re1 Rxe1
26. Qxe1 Qc6 27. Rh2 g5 28. Qf1 gxf4 29. Qxf4 g6 30. Nb3 Qd5 31. h4 g5 32. Qf2
gxh4 33. gxh4 b6 34. h5 Kb8 35. h6 f4 36. Rh3 Qg5 37. h7 Qg4 38. Qf3 Qxf3 39.
Rxf3 Rxh7 40. Rxf4 Be5 41. Re4 Bf6 42. Nxd4 Kb7 43. Ne2 Rh1+ 44. Ka2 Re1 45. c3
a5 46. Kb3 Rd1 47. Kc2 Rh1 48. Kb3 Rh3 49. d4 Rh7 50. Re6 Bg5 51. Kc4 Re7 52.
Rxe7 Bxe7 53. d5 c6 54. dxc6+ Kxc6 55. Nd4+ Kb7 56. Kb5 Bg5 57. Ne2 Bf6 58. Nf4
Be7 59. Ng6 Bg5 60. Ne5 Be3 61. Nc4 Bf2 62. Nxa5+ bxa5 63. Kxa5 Be3 64. b4 Bd2
65. c4 Kc6 66. Ka4 Kb6 67. Kb3 Be1 68. c5+ Kc6 69. Kc4 Bf2 70. b5+ Kb7 71. a4
Be1 72. Kd5 Kc7 73. Kd4 Bf2+ 74. Kc4 Be1 75. Kd5 Bd2 76. Kd4 Be1 77. Kd3 Bb4
78. Kc4 Be1 79. Kd5 Bd2 80. b6+ Kb7 81. Kd6 Ba5 82. Kd7 Bxb6 83. c6+ Ka6
1/2-1/2

[Event "DVM U20 2007"]
[Site "Kelheim GER"]
[Date "2007.12.28"]
[Round "4"]
[White "Ackermann, Johannes"]
[Black "Kinzel, Tiffany"]
[Result "1-0"]
[Termination "normal"]
[Board "5.5"]
[WhiteElo "1904"]
[BlackElo "1727"]
[WhiteTeam "SV Hofheim"]
[BlackTeam "SG Blau-Weiß Stadtilm"]
[PlyCount "77"]
[WhiteFideId "24663875"]
[BlackFideId "4633741"]
[EventCountry "GER"]
[EventRounds "7"]
[EventType "team-swiss"]
[EventDate "2007.12.26"]

1. e4 c5 2. Nf3 d6 3. d4 cxd4 4. Nxd4 Nf6 5. Nc3 a6 6. Bc4 e6 7. Bb3 Be7 8. f4
Nc6 9. Be3 O-O 10. Qf3 Qc7 11. O-O-O Rb8 12. f5 Nxd4 13. Bxd4 b5 14. g4 b4 15.
Na4 Bb7 16. Rhe1 e5 17. Bf2 Kh8 18. g5 Nd7 19. Qh5 g6 20. Qh6 gxf5 21. exf5 Rg8
22. f6 Rg6 23. Qh5 Bxf6 24. gxf6 Nxf6 25. Qh4 Rc8 26. Nb6 Rcg8 27. Nc4 Ng4 28.
Bb6 Qc6 29. Qe7 R6g7 30. Nxd6 Nf6 31. Qxb7 Qxb7 32. Nxb7 Rb8 33. Be3 Ne4 34.
Rd8+ Rxd8 35. Nxd8 Nd6 36. Bh6 Rg2 37. Rd1 Nf5 38. Nxf7+ Kg8 39. Rd8# 1-0

[Event "DVM U20 2007"]
[Site "Kelheim GER"]
[Date "2007.12.28"]
[Round "4"]
[White "Wolff, Christoph"]
[Black "Sohl, Thies"]
[Result "0-1"]
[Termination "normal"]
[Board "5.6"]
[WhiteElo "1665"]
[BlackElo "1658"]
[WhiteTeam "SG Blau-Weiß Stadtilm"]
[BlackTeam "SV Hofheim"]
[PlyCount "66"]
[WhiteFideId "24659495"]
[EventCountry "GER"]
[EventRounds "7"]
[EventType "team-swiss"]
[EventDate "2007.12.26"]

1. e4 e6 2. c4 d5 3. exd5 exd5 4. cxd5 Qxd5 5. Nc3 Qd8 6. Nf3 Nf6 7. Bc4 Bb4 8.
O-O O-O 9. a3 Bd6 10. d4 Re8 11. Bg5 Bg4 12. Qb3 Be6 13. Bxe6 Rxe6 14. Qxb7
Nbd7 15. Qb3 Rb8 16. Qc2 c6 17. b4 Qc7 18. Rfe1 Rbe8 19. Qd2 h6 20. Bh4 Bf4 21.
Qd3 Rxe1+ 22. Rxe1 Rxe1+ 23. Nxe1 Bxh2+ 24. Kf1 g5 25. Bg3 Bxg3 26. fxg3 Qd6
27. Nc2 Ne5 28. Qe2 Neg4 29. Qd3 Nh5 30. Ne4 Qe6 31. Ne1 f5 32. Nc5 Qa2 33. Nc2
Qxc2 0-1

[Event "DVM U20 2007"]
[Site "Kelheim GER"]
[Date "2007.12.28"]
[Round "4"]
[White "Krug, Kevin"]
[Black "Luo, Xinping"]
[Result "1-0"]
[Termination "normal"]
[Board "6.1"]
[WhiteElo "2177"]
[BlackElo "1971"]
[WhiteTeam "SF Köln-Mülheim"]
[BlackTeam "Heilbronner SV"]
[PlyCount "105"]
[WhiteFideId "24609110"]
[BlackFideId "4648951"]
[EventCountry "GER"]
[EventRounds "7"]
[EventType "team-swiss"]
[EventDate "2007.12.26"]

1. d4 Nf6 2. c4 g6 3. Nc3 d5 4. cxd5 Nxd5 5. e4 Nxc3 6. bxc3 Bg7 7. Nf3 O-O 8.
Rb1 c5 9. Be2 Nc6 10. d5 Ne5 11. Nxe5 Bxe5 12. Qd2 Bc7 13. h4 e6 14. Bc4 Qe7
15. Qg5 f6 16. Qe3 Rb8 17. O-O b6 18. g3 exd5 19. exd5 Qxe3 20. Bxe3 Bd6 21.
Bf4 Bxf4 22. gxf4 Bd7 23. Rfe1 Rfe8 24. Re3 Rxe3 25. fxe3 f5 26. Kf2 Rd8 27. h5
gxh5 28. Rg1+ Kf7 29. Rg5 b5 30. Bd3 Kf6 31. Rxh5 Kg6 32. Rh1 c4 33. Bc2 Be8
34. e4 h5 35. Rg1+ Kh6 36. Rg8 Kh7 37. Rf8 fxe4 38. Bxe4+ Kg7 39. Rf5 Rd6 40.
Ke3 h4 41. Rg5+ Kf6 42. Rg4 h3 43. Rh4 Bd7 44. Kd4 Ke7 45. f5 Ra6 46. Bb1 Ra3
47. Rxh3 a5 48. Ke5 b4 49. Rh7+ Kd8 50. Kd6 Rxc3 51. Rxd7+ Ke8 52. f6 b3 53.
Bg6+ 1-0

[Event "DVM U20 2007"]
[Site "Kelheim GER"]
[Date "2007.12.28"]
[Round "4"]
[White "Krutwig, Longlong"]
[Black "Seiler, Sascha"]
[Result "1-0"]
[Termination "time forfeit"]
[Board "6.3"]
[WhiteElo "2169"]
[BlackElo "2035"]
[WhiteTeam "SF Köln-Mülheim"]
[BlackTeam "Heilbronner SV"]
[PlyCount "140"]
[WhiteFideId "24629979"]
[BlackFideId "24630594"]
[EventCountry "GER"]
[EventRounds "7"]
[EventType "team-swiss"]
[EventDate "2007.12.26"]

1. d4 Nf6 2. Nf3 g6 3. Bf4 Bg7 4. c3 O-O 5. Nbd2 d5 6. h3 c5 7. e3 b6 8. Be2
Bb7 9. O-O Nc6 10. Ne5 Nxe5 11. Bxe5 Nd7 12. Bxg7 Kxg7 13. Bf3 e5 14. Qb3 e4
15. Be2 c4 16. Qa3 f5 17. b3 b5 18. bxc4 bxc4 19. Rab1 Bc6 20. Qa6 Rf6 21. Rb4
g5 22. Rfb1 Kg6 23. Nf1 h5 24. Ng3 h4 25. Nf1 Rd6 26. Bd1 Nb6 27. Nd2 Qc7 28.
Qa5 Rf8 29. Qc5 Rdf6 30. R4b2 f4 31. Nf1 Nd7 32. Qa3 Nb6 33. Qa5 f3 34. Nh2 Bd7
35. Qc5 Qd8 36. Rd2 Be6 37. a4 Qd7 38. a5 Nc8 39. Rdb2 Bxh3 40. Ba4 Qe6 41. Rb7
fxg2 42. Bd7 Rxf2 43. Qxf8 Rxf8 44. Bxe6 Bxe6 45. Kxg2 g4 46. Rf1 Rg8 47. Rf4
Kg5 48. Rh7 h3+ 49. Kg3 Kg6 50. Rc7 Nd6 51. Nxg4 Kh5 52. Rh7+ Kg5 53. Rxh3 Nf5+
54. Kf2 Rb8 55. Kg1 Nxe3 56. Nxe3 Kxf4 57. Ng2+ Kg4 58. Rh6 Kg3 59. Ne3 Kf3 60.
Nf1 Re8 61. Rf6+ Ke2 62. Ng3+ Kd3 63. Nh5 Kxc3 64. Kf2 e3+ 65. Ke1 Bg4 66. Ng3
Rb8 67. Ne2+ Kd3 68. Nc1+ Kxd4 69. Rf4+ Kc3 70. Rxg4 d4 { Verlust nach Blitzen
durch Zeituberschreitung} 1-0

[Event "DVM U20 2007"]
[Site "Kelheim GER"]
[Date "2007.12.28"]
[Round "4"]
[White "Weissbeck, Simon"]
[Black "Schehl, Michael"]
[Result "1-0"]
[Termination "normal"]
[Board "6.4"]
[WhiteElo "1794"]
[BlackElo "1830"]
[WhiteTeam "Heilbronner SV"]
[BlackTeam "SF Köln-Mülheim"]
[PlyCount "55"]
[WhiteFideId "24646865"]
[EventCountry "GER"]
[EventRounds "7"]
[EventType "team-swiss"]
[EventDate "2007.12.26"]

1. e4 c6 2. d4 d5 3. e5 Bf5 4. Bd3 Bxd3 5. Qxd3 e6 6. Ne2 Nd7 7. O-O Ne7 8. f4
c5 9. c3 g6 10. Nd2 Rc8 11. Nf3 a6 12. Be3 Nf5 13. Bf2 Be7 14. Rac1 c4 15. Qc2
b5 16. Qd2 h6 17. g4 Ng7 18. Ng3 Bh4 19. Nxh4 Qxh4 20. Qe2 Qd8 21. f5 O-O 22.
f6 Ne8 23. Qd2 Kh7 24. Be3 Rh8 25. Bxh6 Kg8 26. h4 Kh7 27. Kg2 Nc7 28. Bg7 1-0

[Event "DVM U20 2007"]
[Site "Kelheim GER"]
[Date "2007.12.28"]
[Round "4"]
[White "Butschek, Tanja"]
[Black "Schwarz, Felix"]
[Result "1-0"]
[Termination "normal"]
[Board "6.5"]
[WhiteElo "2043"]
[BlackElo "1793"]
[WhiteTeam "SF Köln-Mülheim"]
[BlackTeam "Heilbronner SV"]
[PlyCount "95"]
[WhiteFideId "24604640"]
[BlackFideId "4639065"]
[EventCountry "GER"]
[EventRounds "7"]
[EventType "team-swiss"]
[EventDate "2007.12.26"]

1. e4 c5 2. Nf3 Nc6 3. Bb5 g6 4. Bxc6 bxc6 5. c3 Bg7 6. d4 cxd4 7. cxd4 Nf6 8.
Nc3 Rb8 9. O-O d6 10. h3 h5 11. Qe2 Qb6 12. Re1 Bb7 13. e5 dxe5 14. Qxe5 O-O
15. Qxe7 Rfe8 16. Qc5 Rxe1+ 17. Nxe1 Qxc5 18. dxc5 Nd7 19. Be3 Ba6 20. Rd1 Rb7
21. Nf3 Nf8 22. Rd2 Ne6 23. Nd1 Bf8 24. Ne5 Bb5 25. b4 a5 26. a3 axb4 27. axb4
Bg7 28. Nd7 Nd4 29. Nb6 Nb3 30. Ra2 Nd4 31. Kh1 Nf5 32. Bd2 Re7 33. Nc3 Bd3 34.
Ra8+ Kh7 35. Rd8 Bc2 36. b5 Bd4 37. bxc6 Bxc5 38. Nbd5 Ra7 39. Bf4 Bxf2 40. g4
Nh4 41. c7 Ra1+ 42. Kh2 Rg1 43. Rh8+ Kxh8 44. c8=Q+ Kh7 45. Nf6+ Kg7 46. Qg8+
Kxf6 47. Qd8+ Ke6 48. Qd6# 1-0

[Event "DVM U20 2007"]
[Site "Kelheim GER"]
[Date "2007.12.28"]
[Round "4"]
[White "Baldauf, Marco"]
[Black "Lange, Jan-David"]
[Result "1-0"]
[Termination "normal"]
[Board "7.1"]
[WhiteElo "2236"]
[BlackElo "2116"]
[WhiteTeam "SGem Pang/Rosenheim"]
[BlackTeam "SC Tamm"]
[PlyCount "67"]
[WhiteFideId "4688210"]
[BlackFideId "24614963"]
[EventCountry "GER"]
[EventRounds "7"]
[EventType "team-swiss"]
[EventDate "2007.12.26"]

1. e4 c5 2. Nf3 Nc6 3. Bb5 g6 4. Bxc6 dxc6 5. h3 Bg7 6. d3 Nf6 7. Nc3 O-O 8.
Be3 Nd7 9. Qd2 Qc7 10. Bh6 Rd8 11. Bxg7 Kxg7 12. Nh2 Nf6 13. O-O-O b5 14. Qe3
Rb8 15. Ng4 Be6 16. Qh6+ Kg8 17. e5 Nxg4 18. hxg4 Qxe5 19. Qxh7+ Kf8 20. Ne4
Qg7 21. g5 c4 22. d4 f5 23. Nc5 Bg8 24. Qh2 Rbc8 25. Rhe1 b4 26. c3 a5 27. Qf4
Rd5 28. Re3 bxc3 29. bxc3 Bf7 30. Rde1 Kg8 31. Kc2 Rcd8 32. Rxe7 Qf8 33. Qc7 a4
34. Ne6 1-0

[Event "DVM U20 2007"]
[Site "Kelheim GER"]
[Date "2007.12.28"]
[Round "4"]
[White "Döring, Andreas"]
[Black "Lindenberg, Georg"]
[Result "1/2-1/2"]
[Termination "normal"]
[Board "7.2"]
[WhiteElo "1830"]
[BlackElo "2135"]
[WhiteTeam "SC Tamm"]
[BlackTeam "SGem Pang/Rosenheim"]
[PlyCount "84"]
[WhiteFideId "24621030"]
[BlackFideId "24612170"]
[EventCountry "GER"]
[EventRounds "7"]
[EventType "team-swiss"]
[EventDate "2007.12.26"]

1. e4 c5 2. Nf3 e6 3. d4 cxd4 4. Nxd4 Bc5 5. Nb3 Bb6 6. Nc3 Ne7 7. Bf4 d5 8.
exd5 exd5 9. Bb5+ Nbc6 10. O-O O-O 11. Na4 d4 12. Nxb6 Qxb6 13. Bd3 a5 14. Rb1
Be6 15. Bd6 Qd8 16. Bxe7 Qxe7 17. Nc1 Rfd8 18. a3 Qh4 19. Ne2 Ne5 20. f3 Nc4
21. Re1 Rac8 22. Ng3 b6 23. Ne4 Rd5 24. Bxc4 Rxc4 25. Qe2 Rd8 26. Rbd1 Qh5 27.
Rd2 h6 28. Red1 Qe5 29. Qf2 Rdc8 30. Re1 Qc7 31. Ree2 a4 32. Ng3 b5 33. Ne4 b4
34. Rxd4 bxa3 35. bxa3 Rb8 36. Red2 Rxd4 37. Qxd4 Rb1+ 38. Kf2 Qxh2 39. Rd1
Rxd1 40. Qxd1 Qe5 41. Qd3 Bf5 42. c3 Bxe4 1/2-1/2

[Event "DVM U20 2007"]
[Site "Kelheim GER"]
[Date "2007.12.28"]
[Round "4"]
[White "Berchtenbreiter, Maximilian"]
[Black "Schäfer, Alexander"]
[Result "1-0"]
[Termination "normal"]
[Board "7.3"]
[WhiteElo "2030"]
[BlackElo "1975"]
[WhiteTeam "SGem Pang/Rosenheim"]
[BlackTeam "SC Tamm"]
[PlyCount "85"]
[WhiteFideId "24641120"]
[BlackFideId "24615196"]
[EventCountry "GER"]
[EventRounds "7"]
[EventType "team-swiss"]
[EventDate "2007.12.26"]

1. e4 c5 2. Nf3 Nc6 3. d4 cxd4 4. Nxd4 Nf6 5. Nc3 d6 6. Bg5 e5 7. Ndb5 a6 8.
Na3 b5 9. Nd5 Be7 10. Nxe7 Qxe7 11. c4 b4 12. Nc2 h6 13. Bxf6 Qxf6 14. Nxb4
Nxb4 15. Qa4+ Bd7 16. Qxb4 a5 17. Qb7 Ke7 18. Qd5 Rhb8 19. Qd2 Qf4 20. Qxf4
exf4 21. Rb1 Rb4 22. Kd2 Rab8 23. Kc3 Ra4 24. Ra1 Rab4 25. b3 a4 26. Rb1 axb3
27. Rxb3 Rxb3+ 28. axb3 Ra8 29. Kb2 Ke6 30. g3 Bc6 31. Bg2 Ke5 32. gxf4+ Kxf4
33. Rd1 Ke5 34. b4 f5 35. f3 fxe4 36. fxe4 Rf8 37. Rd2 Rf4 38. b5 Bb7 39. Kc3
g5 40. Ra2 Rg4 41. b6 Bc6 42. Ra5+ Ke6 43. Bh3 1-0